| 000 -LEADER |
| fixed length control field |
01697cam a2200421 i 4500 |
| 001 - CONTROL NUMBER |
| control field |
23328193 |
| 005 - DATE AND TIME OF LATEST TRANSACTION |
| control field |
20241105151351.0 |
| 008 - FIXED-LENGTH DATA ELEMENTS--GENERAL INFORMATION |
| fixed length control field |
230926s2013 pk d bs 001 0 eng |
| 010 ## - LIBRARY OF CONGRESS CONTROL NUMBER |
| LC control number |
2023315251 |
| 020 ## - INTERNATIONAL STANDARD BOOK NUMBER |
| International Standard Book Number |
9789694949291 |
| Qualifying information |
(hardback) |
| 037 ## - SOURCE OF ACQUISITION |
| Source of stock number/acquisition |
Library of Congress -- Islamabad Overseas Office |
| 040 ## - CATALOGING SOURCE |
| Original cataloging agency |
DLC |
| Language of cataloging |
eng |
| Transcribing agency |
DLC |
| Description conventions |
rda |
| 042 ## - AUTHENTICATION CODE |
| Authentication code |
lcode |
| -- |
pcc |
| 043 ## - GEOGRAPHIC AREA CODE |
| Geographic area code |
a-pk--- |
| 050 00 - LIBRARY OF CONGRESS CALL NUMBER |
| Classification number |
RG106.4. P18 |
| Item number |
R47 2013 |
| 082 ## - DEWEY DECIMAL CLASSIFICATION NUMBER |
| Classification number |
362.19820954 |
| Author Mark |
REP |
| 245 00 - TITLE STATEMENT |
| Title |
Reproductive, maternal, child health and nutrition in Pakistan : |
| Remainder of title |
opportunities for changes / |
| Statement of responsibility, etc. |
edited by Zulfiqar A Bhutta. |
| 246 1# - VARYING FORM OF TITLE |
| Display text |
Title on title page verso: |
| Title proper/short title |
Reproductive, maternal, child health & nutrition in Pakistan |
| 250 ## - EDITION STATEMENT |
| Edition statement |
First edition. |
| 264 #1 - PRODUCTION, PUBLICATION, DISTRIBUTION, MANUFACTURE, AND COPYRIGHT NOTICE |
| Place of production, publication, distribution, manufacture |
Karachi : |
| Name of producer, publisher, distributor, manufacturer |
Paramount Publishing Enterprise, |
| Date of production, publication, distribution, manufacture, or copyright notice |
2013. |
| 300 ## - PHYSICAL DESCRIPTION |
| Extent |
x, 236 pages : |
| Other physical details |
charts ; |
| Dimensions |
24 cm |
| 336 ## - CONTENT TYPE |
| Content type term |
text |
| Content type code |
txt |
| Source |
rdacontent |
| 337 ## - MEDIA TYPE |
| Media type term |
unmediated |
| Media type code |
n |
| Source |
rdamedia |
| 338 ## - CARRIER TYPE |
| Carrier type term |
volume |
| Carrier type code |
nc |
| Source |
rdacarrier |
| 504 ## - BIBLIOGRAPHY, ETC. NOTE |
| Bibliography, etc. note |
Includes statistical tables. |
| 504 ## - BIBLIOGRAPHY, ETC. NOTE |
| Bibliography, etc. note |
Includes bibliographical references and index. |
| 650 #0 - SUBJECT ADDED ENTRY--TOPICAL TERM |
| Topical term or geographic name entry element |
Reproductive health |
| Geographic subdivision |
Pakistan. |
| 9 (RLIN) |
126754 |
| 650 #0 - SUBJECT ADDED ENTRY--TOPICAL TERM |
| Topical term or geographic name entry element |
Children |
| General subdivision |
Nutrition |
| Geographic subdivision |
Pakistan. |
| 9 (RLIN) |
126755 |
| 650 #0 - SUBJECT ADDED ENTRY--TOPICAL TERM |
| Topical term or geographic name entry element |
Children |
| General subdivision |
Health and hygiene |
| Geographic subdivision |
Pakistan. |
| 9 (RLIN) |
126756 |
| 650 #0 - SUBJECT ADDED ENTRY--TOPICAL TERM |
| Topical term or geographic name entry element |
Mothers |
| General subdivision |
Health and hygiene |
| Geographic subdivision |
Pakistan. |
| 9 (RLIN) |
126757 |
| 650 #0 - SUBJECT ADDED ENTRY--TOPICAL TERM |
| Topical term or geographic name entry element |
Mothers |
| General subdivision |
Nutrition |
| Geographic subdivision |
Pakistan. |
| 9 (RLIN) |
126758 |
| 650 #0 - SUBJECT ADDED ENTRY--TOPICAL TERM |
| Topical term or geographic name entry element |
Maternal health services |
| Geographic subdivision |
Pakistan. |
| 9 (RLIN) |
126759 |
| 700 1# - ADDED ENTRY--PERSONAL NAME |
| Personal name |
Bhutta, Zulfiqar Ahmed, |
| Dates associated with a name |
1955- |
| Relator term |
editor. |
| 9 (RLIN) |
126760 |
| 906 ## - LOCAL DATA ELEMENT F, LDF (RLIN) |
| a |
7 |
| b |
cbc |
| c |
origode |
| d |
3 |
| e |
ncip |
| f |
20 |
| g |
y-gencatlg |
| 942 ## - ADDED ENTRY ELEMENTS (KOHA) |
| Source of classification or shelving scheme |
|
| Koha item type |
Book |